Моделирование электрических характеристик скользящего контакта щетка-коллектор в процессе наработки на ресурс с учетом механических факторов; Электромеханические преобразователи энергии

מידע ביבליוגרפי
Parent link:Электромеханические преобразователи энергии.— 2007.— С. 43-46
מחבר ראשי: Качин О. С. Олег Сергеевич
מחברים אחרים: Бекишев Р. Ф. Рудольф Фридрихович, Качин С. И. Сергей Ильич
שפה:רוסית
יצא לאור: 2007
נושאים:
פורמט: MixedMaterials Book Chapter
KOHA link:https://koha.lib.tpu.ru/cgi-bin/koha/opac-detail.pl?biblionumber=275986

MARC

LEADER 00000naa2a2200000 4500
001 275986
005 20240115102146.0
035 |a (RuTPU)RU\TPU\book\299239 
035 |a RU\TPU\book\298212 
090 |a 275986 
100 |a 20141118d2007 k y0rusy50 ca 
101 0 |a rus 
102 |a RU 
200 1 |a Моделирование электрических характеристик скользящего контакта щетка-коллектор в процессе наработки на ресурс с учетом механических факторов  |f О. С. Качин, Р. Ф. Бекишев, С. И. Качин 
320 |a Библиогр.: с. 46 (5 назв.) 
463 0 |0 (RuTPU)RU\TPU\book\168927  |t Электромеханические преобразователи энергии  |o материалы Международной научно-технической конференции, 17-19 октября 2007 г., Томск  |f Российский фонд фундаментальных исследований (РФФИ) ; Томская область, Администрация ; Томский политехнический университет   |v С. 43-46  |d 2007  |p 443 с. 
610 1 |a труды учёных ТПУ 
700 1 |a Качин  |b О. С.  |c специалист в области электротехники  |c доцент Томского политехнического университета, кандидат технических наук  |f 1982-  |g Олег Сергеевич  |3 (RuTPU)RU\TPU\pers\27695  |9 12769 
701 1 |a Бекишев  |b Р. Ф.  |c специалист в области электротехники  |c профессор Томского политехнического университета, доктор технических наук  |f 1940-2010  |g Рудольф Фридрихович  |3 (RuTPU)RU\TPU\pers\19768 
701 1 |a Качин  |b С. И.  |c специалист в области электротехники  |c профессор Томского политехнического университета, доктор технических наук  |f 1954-  |g Сергей Ильич  |3 (RuTPU)RU\TPU\pers\26829 
801 1 |a RU  |b 63413507  |c 20141111 
801 2 |a RU  |b 63413507  |c 20141118  |g RCR 
942 |c BK